| 000 | 00487cam a2200181 a 4500 | ||
|---|---|---|---|
| 005 | 20250901165346.0 | ||
| 008 | 850716s1986 nyu 000 1 eng | ||
| 010 | _a 85015390 | ||
| 020 | _a0393022501 | ||
| 050 | 0 | 0 |
_aPS3558.O545 .H66 1986 _bS68 1986 |
| 082 | 0 | 0 |
_a813/.54 _219 |
| 100 | 1 |
_aHood, William, _d1920- |
|
| 245 | 1 | 0 |
_aSpy Wednesday : _ba novel / _cby William Hood. |
| 250 | _a1st ed. | ||
| 260 |
_aNew York : _bNorton, _cc1986. |
||
| 300 |
_a282 p. ; _c22 cm. |
||
| 942 | _2ddc | ||
| 999 |
_c2690 _d2690 |
||